Представление документа в формате MARC21

Поле Инд. ПП Название Значение
Тип записи a
Библиографический уровень m
001 Контрольный номер d2f646f6352b49e18086670ec7bfed05
005 Дата корректировки 20160615095504.0
008 Кодируемые данные 160201|||||||||ru |||||||||||||||||rus||
020 a ISBN 978-5-91670-155-5
041 0_ a Код языка текста rus
084 a Индекс другой классификации/Индекс ББК 78.37+87.66
090 a Полочн. индекс 78.37
x Авторский знак Ш 96
100 1_ a Автор Шуминова И. О.
245 10 a Заглавие Мир без насилия: воспитание культуры межнационального общения
b Продолж. заглавия практ. пособие
260 a Место издания Москва
b Издательство Литера
c Дата издания 2015
300 a Объем 150 с.
504 a Библиография Библиогр.: с. 77
650 04 a Основная рубрика Библиотеки-Обслуживание пользователей
653 0_ a Ключевые слова Библиотеки; Библиотечное обслуживание; Воспитание патриотическое; Воспитание культуры; Межнациональное общение; Библиотечная интерпретация; Коммуникации межкультурные; Пропаганда духовных ценностей; Пропаганда нравственных ценностей
a Ключевые слова Терроризм современный
901 t Тип документа m